Wszystkie miasta Polski na literę S - Statystyki

Ogólne statystyki
  • Ten quiz został rozwiązany 1 579 razy
    211 od ostatniego zresetowania
  • Średni wynik to 60 z 117
Statystyki odpowiedzi
Województwo Populacja Miasto % Poprawnych
zachodniopomorskie 398255 Szczecin
92%
świętokrzyskie 22997 Sandomierz
87%
podlaskie 69639 Suwałki
87%
podkarpackie 36999 Sanok
86%
pomorskie 35286 Sopot
85%
zachodniopomorskie 39827 Szczecinek
85%
pomorskie 89780 Słupsk
84%
świętokrzyskie 47638 Starachowice
84%
śląskie 197586 Sosnowiec
82%
łódzkie 47655 Skierniewice
79%
mazowieckie 77813 Siedlce
78%
zachodniopomorskie 67579 Stargard
78%
śląskie 66270 Siemianowice Śląskie
77%
świętokrzyskie 44260 Skarżysko-Kamienna
77%
pomorskie 47272 Starogard Gdański
77%
warmińsko-mazurskie 22813 Szczytno
77%
łódzkie 41390 Sieradz
76%
podkarpackie 59623 Stalowa Wola
75%
zachodniopomorskie 12357 Sławno
73%
podlaskie 14210 Siemiatycze
72%
mazowieckie 35891 Sochaczew
72%
opolskie 17657 Strzelce Opolskie
71%
lubuskie 16623 Słubice
70%
lubuskie 10005 Sulęcin
70%
podlaskie 5159 Sejny
69%
podlaskie 17967 Sokółka
69%
wielkopolskie 18736 Szamotuły
69%
świętokrzyskie 14534 Staszów
68%
łódzkie 6130 Sulejów
68%
mazowieckie 19951 Sulejówek
68%
pomorskie 9798 Sztum
68%
świętokrzyskie 6359 Sędziszów
67%
mazowieckie 18814 Sokołów Podlaski
67%
dolnośląskie 12383 Strzelin
66%
dolnośląskie 15873 Strzegom
65%
kujawsko-pomorskie 9004 Sępólno Krajeńskie
64%
mazowieckie 17788 Sierpc
64%
małopolskie 24366 Skawina
64%
małopolskie 9044 Sucha Beskidzka
64%
wielkopolskie 29862 Swarzędz
64%
lubuskie 9833 Strzelce Krajeńskie
63%
małopolskie 9016 Stary Sącz
61%
podkarpackie 12415 Sędziszów Małopolski
59%
wielkopolskie 13564 Słupca
59%
podkarpackie 8781 Strzyżów
59%
małopolskie 5655 Szczawnica
59%
śląskie 5711 Szczyrk
59%
śląskie 14116 Skoczów
58%
podlaskie 4582 Supraśl
58%
kujawsko-pomorskie 15614 Solec Kujawski
57%
lubelskie 4962 Szczebrzeszyn
56%
mazowieckie 4310 Skaryszew
54%
śląskie 3532 Szczekociny
54%
podkarpackie 4210 Sokołów Małopolski
53%
świętokrzyskie 1095 Szydłów
53%
mazowieckie 4658 Serock
52%
mazowieckie 11557 Szydłowiec
52%
wielkopolskie 5956 Sieraków
50%
śląskie 6935 Sławków
50%
dolnośląskie 6954 Sobótka
50%
kujawsko-pomorskie 5589 Strzelno
50%
dolnośląskie 5534 Szczawno-Zdrój
50%
małopolskie 4154 Szczucin
50%
dolnośląskie 6653 Szklarska Poręba
50%
małopolskie 4293 Słomniki
48%
lubuskie 16592 Sulechów
48%
podlaskie 3341 Szczuczyn
48%
małopolskie 3755 Skała
46%
śląskie 5544 Siewierz
45%
warmińsko-mazurskie 5529 Susz
45%
podkarpackie 2132 Sieniawa
44%
łódzkie 3428 Stryków
44%
świętokrzyskie 8248 Suchedniów
43%
warmińsko-mazurskie 1883 Sępopol
41%
podlaskie 2137 Suchowola
41%
zachodniopomorskie 6560 Sianów
40%
wielkopolskie 4462 Skoki
36%
lubuskie 4268 Sława
36%
mazowieckie 939 Solec nad Wisłą
36%
dolnośląskie 5616 Stronie Śląskie
36%
małopolskie 6658 Sułkowice
36%
dolnośląskie 5044 Szczytna
36%
wielkopolskie 4192 Szamocin
35%
pomorskie 7015 Skarszewy
34%
mazowieckie 1770 Stanisławów
34%
mazowieckie 928 Sienno
33%
świętokrzyskie 5569 Stąporków
33%
mazowieckie 1932 Sanniki
32%
dolnośląskie 10340 Syców
32%
kujawsko-pomorskie 9578 Szubin
32%
podlaskie 983 Suraż
31%
lubuskie 11530 Szprotawa
31%
dolnośląskie 8851 Siechnice
30%
pomorskie 3603 Skórcz
30%
lubuskie 9454 Skwierzyna
30%
świętokrzyskie 1263 Skalbmierz
29%
świętokrzyskie 1414 Stopnica
27%
zachodniopomorskie 1440 Suchań
27%
mazowieckie 2308 Siennica
26%
wielkopolskie 1461 Stawiszyn
25%
śląskie 3659 Strumień
25%
podlaskie 2157 Szepietowo
25%
kujawsko-pomorskie 3542 Skępe
24%
mazowieckie 1900 Sochocin
24%
śląskie 1927 Sośnicowice
24%
wielkopolskie 5903 Stęszew
24%
wielkopolskie 3472 Sompolno
23%
opolskie 1539 Strzeleczki
23%
wielkopolskie 2831 Sulmierzyce
23%
łódzkie 1898 Szadek
23%
zachodniopomorskie 2464 Stepnica
22%
lubelskie 2480 Stoczek Łukowski
22%
lubuskie 1266 Szlichtyngowa
22%
lubelskie 1406 Siedliszcze
21%
podlaskie 2159 Stawiski
21%
świętokrzyskie 997 Sobków
19%
mazowieckie 2154 Staroźreby
15%
Nie znaleziono quizów pasujących do podanych kryteriów
Rozkład punktacji
Procent ludzi z każdym wynikiem
Percentyl według liczby udzielonych odpowiedzi
Twoja historia wyników
Nie rozwiązałeś tego quizu od ostatniego zresetowania